বাংলা কথাসাহিত্য- জিজ্ঞাসা / (Record no. 39484)
[ view plain ]
| 000 -LEADER | |
|---|---|
| fixed length control field | 01007nam a2200241 a 4500 |
| 001 - CONTROL NUMBER | |
| control field | 39484 |
| 003 - CONTROL NUMBER IDENTIFIER | |
| rucl marc code | BD-RjUL |
| 005 - DATE AND TIME OF LATEST TRANSACTION | |
| control field | 20211209053012.0 |
| 008 - FIXED-LENGTH DATA ELEMENTS--GENERAL INFORMATION | |
| fixed length control field | 160411s2004 bg ||||| |||| 001 0 ben d |
| 020 ## - INTERNATIONAL STANDARD BOOK NUMBER | |
| International Standard Book Number | 8129503018 |
| Terms of availability | : Tk.300.00 |
| 035 ## - SYSTEM CONTROL NUMBER | |
| System control number | (BD-RjUL)39597 |
| 040 ## - CATALOGING SOURCE | |
| Original cataloging agency | BD-RjUL |
| Language of cataloging | ben |
| Transcribing agency | BD-RjUL |
| 041 ## - LANGUAGE CODE | |
| Language code of text/sound track or separate title | ben |
| 082 ## - DEWEY DECIMAL CLASSIFICATION NUMBER | |
| Edition number | 23 |
| Classification number | 891.44309 |
| Author mark and year | MUB 2004 |
| 100 10 - MAIN ENTRY--PERSONAL NAME | |
| Personal name | মুখোপাধ্যায়, অরুণকুমার |
| 9 (RLIN) | 121124 |
| 245 10 - TITLE STATEMENT | |
| Title | বাংলা কথাসাহিত্য- জিজ্ঞাসা / |
| Statement of responsibility, etc. | অরুণকুমার মুখোপাধ্যায় |
| 260 ## - PUBLICATION, DISTRIBUTION, ETC. (IMPRINT) | |
| Place of publication, distribution, etc. | কলকাতা : |
| Name of publisher, distributor, etc. | দে'জ পাবলিশিং, |
| Date of publication, distribution, etc. | ২০০৪. |
| 300 ## - PHYSICAL DESCRIPTION | |
| Pagination | ৬০৮ পৃ. ; |
| Size | ২১ সেমি. |
| 500 ## - GENERAL NOTE | |
| General note | নির্ঘন্ট সংযুক্ত |
| 650 ## - SUBJECT ADDED ENTRY--TOPICAL TERM | |
| Topical term or geographic name as entry element | বাংলা উপন্যাস |
| Form subdivision | ইতিহাস ও সমালোচনা |
| 9 (RLIN) | 121665 |
| Topical term or geographic name as entry element | Bengali literature |
| General subdivision | History and criticism |
| 9 (RLIN) | 117020 |
| 942 ## - ADDED ENTRY ELEMENTS (KOHA) | |
| Source of classification or shelving scheme | Dewey Decimal Classification |
| Koha item type | Books |
| Lost status | Source of classification or shelving scheme | Damaged status | Not for loan | Collection code | Permanent Location | Current Location | Shelving location | Date acquired | Source of acquisition | Cost, normal purchase price | Total Checkouts | Full call number | Date last seen | Copy number | Koha item type | Date checked out |
|---|---|---|---|---|---|---|---|---|---|---|---|---|---|---|---|---|
| Dewey Decimal Classification | Not For Loan | Fiction | Central Library, University of Rajshahi | Central Library, University of Rajshahi | Reading Room | 22/06/2015 | Batighor, Chattogram | 650.00 | B 891.44309 MUB 2004 | 11/04/2016 | C-1 | Books | ||||
| Dewey Decimal Classification | Fiction | Central Library, University of Rajshahi | Central Library, University of Rajshahi | 22/06/2015 | Batighor, Chattogram | 650.00 | 6 | B 891.44309 MUB 2004 | 21/01/2018 | C-2 | Books | 02/01/2018 |